000 00689cam a22002411 4500
001 sa 68018407
003 DLC
005 20260227112711.0
008 890706s1968 ii a b 000 0 telo
010 _asa 68018407
035 _a(OCoLC)19971327
040 _aDLC
_cWaU
_dDLC
050 0 0 _aBL1146.K66
_bS5
100 0 _aKr̥ṣṇamācārya,
_dactive 1226-1323.
245 1 0 _aSiṃhagiri vacanamulu.
260 _c[1968]
300 _a6, xxviii, 62 p.
_billus.
_c22 cm.
500 _aIn Telugu; pref. in English.
504 _aIncludes bibliographical references.
650 0 _aHinduism
_vPrayers and devotions.
650 0 _aVishnu (Hindu deity)
700 1 _aKulasekhararavu, M.
999 _c88390
_d88390